Reliable Replacement Warhead Program : Background and Current Developments.

Provides an overview of the reliable replacement warhead (RRW) program, under which the National Nuclear Security Administration will study developing replacement components for existing nuclear warheads and modify components to make improvements in nuclear warheads. Discusses need to maintain nucle...

Full description

Bibliographic Details
Corporate Authors: Library of Congress. Congressional Research Service, ProQuest (Firm)
Format: eBook
Language:English
Published: [Place of publication not identified] : [publisher not identified], 2008.
Series:U.S. Congressional Research.
Subjects:
Online Access:Connect to the full text of this electronic book

MARC

Tag First Indicator Second Indicator Subfields
LEADER 00000cam a22000001a 4500
001 in00003412821
006 m d f
007 cr bn mmmapmmp
008 101221s2008 dcu o f000 0 eng d
005 20260430204246.5
035 |a cis2007865119 
040 |a ProQuest  |c ProQuest  |d UtOrBLW 
043 |a n-us--- 
099 |a CRS-2008-FDT-0712 
110 2 |a Library of Congress.  |b Congressional Research Service. 
245 1 0 |a Reliable Replacement Warhead Program :  |b Background and Current Developments. 
264 1 |a [Place of publication not identified] :  |b [publisher not identified],  |c 2008. 
300 |a 1 online resource. 
336 |a text  |b txt  |2 rdacontent 
337 |a computer  |b c  |2 rdamedia 
338 |a online resource  |b cr  |2 rdacarrier 
500 |a Record is based on bibliographic data in ProQuest U.S. Congressional Research Digital Collection (last viewed Dec. 2010). Reuse except for individual research requires license from ProQuest, LLC. 
500 |a CRS Report. 
520 |a Provides an overview of the reliable replacement warhead (RRW) program, under which the National Nuclear Security Administration will study developing replacement components for existing nuclear warheads and modify components to make improvements in nuclear warheads. Discusses need to maintain nuclear warheads for the long term, the life extension program, RRW and the transformation of nuclear warheads, RRW program developments, Congressional action on FY2006-FY2009 RRW requests, and policy options for Congress. Includes chronology. 
500 |a Electronic resource. 
650 0 |a Nuclear weapons. 
650 0 |a Chronology. 
655 7 |a Electronic books.  |2 local 
710 2 |a ProQuest (Firm) 
776 0 8 |i Microfiche version:   |a Library of Congress. Congressional Research Service.  |t Reliable Replacement Warhead Program 
830 0 |a U.S. Congressional Research. 
856 4 0 |u http://proxy.library.tamu.edu/login?url=https://congressional.proquest.com/congcomp/getdoc?CRDC-ID=CRS-2008-FDT-0712  |z Connect to the full text of this electronic book  |t 0 
999 |a MARS 
999 f f |s 51edb312-73ae-3c72-9f28-a4e626f4de01  |i afc95afe-3103-32c3-b1cb-833cfaefa20d  |t 0 
952 f f |a Texas A&M University  |b College Station  |c Electronic Resources  |s www_evans  |d Available Online  |t 0  |e CRS-2008-FDT-0712  |h Other scheme 
998 f f |a CRS-2008-FDT-0712  |t 0  |l Available Online